Geography - Governorates of Syria - Statistics

General Stats
  • This quiz has been taken 476 times
  • The average score is 9 of 14
Answer Stats
Name of muhafazat % Correct
Damascus
98%
Aleppo
91%
Homs
89%
Lattakia
80%
Hama
78%
Idlib
72%
Tartous
71%
Daraa
65%
Deir Ez Zor
53%
Hasakah
49%
Damascus countryside
41%
Al Raqqah
39%
Quneitra
31%
Al Sweida
19%
No matching quizzes found
Score Distribution
Percent of People with Each Score
Percentile by Number Answered
Your Score History
You have not taken this quiz